[Event "Olympiad-34"]
[Site "Istanbul"]
[Date "2000.10.30"]
[Round "3.1"]
[White "Van Wely, Loek"]
[Black "Dao, Thien Hai"]
[Result "1-0"]
[WhiteElo "2643"]
[BlackElo "2555"]
[Annotator "Lutz,C"]
[PlyCount "51"]
[EventDate "2000.10.28"]
[EventType "team-swiss"]
[EventRounds "14"]
[EventCountry "TUR"]
[SourceTitle "EXT 2001"]
[Source "ChessBase"]
[SourceDate "2000.11.22"]
[SourceVersion "1"]
[SourceVersionDate "2000.11.22"]
[SourceQuality "1"]
[WhiteTeam "Netherlands"]
[BlackTeam "Vietnam"]
[WhiteTeamCountry "NED"]
[BlackTeamCountry "VIE"]

1. d4 d5 2. c4 c6 3. Nc3 e6 4. Nf3 Nf6 5. Bg5 h6 6. Bh4 dxc4 7. e4 g5 8. Bg3 b5
9. Be2 Bb4 $5 {Eine eher ungebräuchliche Variante.} (9... Bb7) (9... Nbd7) 10.
Qc2 (10. O-O {ist hier die Hauptalternative. Allerdings erscheint mir dann}
Bxc3 11. bxc3 Nxe4 {nicht klar:} 12. Ne5 $5 (12. Qc2 $6 Nxg3 13. fxg3 Nd7 14.
Nd2 Qe7 15. a4 a6 16. Rab1 Ra7 17. Rbe1 O-O 18. g4 Nf6 $17 {1-0 Sokolov,I-Peng,
Z/Rotterdam 1999/CBM 72/[Lutz] (41)}) 12... Nd7 13. Bh5 O-O 14. Nxf7 $5 Rxf7
15. Bxf7+ Kxf7 16. Qc2 Ndf6 17. Be5 $44 {1/2-1/2 Jussupow,A-Akopian,V/Ubeda
1997/CBM 58/[Lutz] (26)}) 10... Bb7 (10... g4 {gewinnt den Bd4, aber das ist
sehr gefährlich:} 11. Ne5 (11. Nd2 Qxd4 12. O-O-O Qb6 13. Bxc4 bxc4 14. Nxc4 $6
Qa6 $2 15. Qb3 Bxc3 $2 16. Nd6+ Ke7 17. Qxc3 Nbd7 18. Bh4 e5 19. Nf5+ Ke8 20.
Bxf6 Nxf6 21. Qxe5+ Be6 22. Ng7+ Kf8 23. Nxe6+ Kg8 24. Nc7 {1-0 Ikonnikov,
V-Prie,E/St Affrique 1994/EXT 99/[Prie,E] (24)}) 11... Qxd4 12. O-O Nh5 13.
Rad1 Qc5 14. Bh4 Kf8 15. Rd8+ Kg7 16. Rxh8 Kxh8 17. Nxf7+ Kg7 18. e5 Bxc3 19.
bxc3 Qf8 20. Nd6 Nd7 21. f4 Nxf4 22. Bf6+ Nxf6 23. Rxf4 {1-0 Fressinet,
L-Kundin,A/Oropesa del Mar 1999/CBM 72 ext (23)}) 11. Rd1 Nbd7 {Im Vergleich
zu Varianten, in denen Schwarz direkt 9...Bb7 und 10...Nbd7 spielt, hat
Schwarz nun den Läufer nach b4 entwickelt. Das hat zur Folge, dass der
schwarze Königsflügel geschwächt ist. Häufig benötigt Schwarz den Läufer auf
e7 oder g7, um den Nf6 zu stützen.} 12. Ne5 {[%csl Rg3,Rh5][%cal Yf2f4,Ye2h5,
Gf6h5,Gh5g3] Dies ist ein typischer Zug in dieser Variante. Der f-Bauer wird
frei und ...Nh5xg3 verhindert.} Rg8 $6 {Ich habe Schwierigkeiten, den Sinn
dieses Zuges zu erkennen.} ({Besser sieht} 12... Qe7 {aus, obwohl nach} 13. O-O
{Schwarz wieder vor dem Problem steht, einen Zug zu finden.}) 13. O-O Qe7 14.
a4 a6 15. Nxd7 Nxd7 16. d5 Nf6 (16... cxd5 17. exd5 Bxc3 18. d6 $36) 17. d6 $16
Qd7 18. f4 $1 {Van Wely macht kurzen Prozess: Die Öffnung der f-Linie
entscheidet, da der Nf6 und der Pf7 zu Angriffszielen werden.} Bxc3 (18... g4
19. Bh4 $16) 19. bxc3 c5 20. fxg5 Bxe4 (20... Nxe4 {hilft auch schon nicht
mehr:} 21. Bh5 Nxg5 (21... Rf8 22. g6 $18) 22. h4 Nf3+ (22... Be4 23. Qf2 $18)
23. Bxf3 (23. Rxf3 $18) 23... Rxg3 24. Bxb7 Qxb7 25. d7+ Ke7 26. Rxf7+ Kxf7 27.
Qh7+ Kf6 28. d8=Q+ Rxd8 29. Rf1+ $18 {nebst 30.Qxb7}) 21. Qd2 $18 Nd5 22. Bh5
Bg6 (22... Rf8 23. Rfe1 Bd3 24. g6 $5 fxg6 25. Bxg6+ $18) 23. Bf3 Bd3 24. Bxd5
exd5 25. Rde1+ Kd8 26. Re7 (26. Re7 Qg4 27. Qf2 {mit der tödlichen
Doppeldrohung 28.Qxc5 und 28.Qf7.}) 1-0

[Event "Olympiad-36"]
[Site "Mallorca"]
[Date "2004.10.28"]
[Round "13"]
[White "Avrukh, Boris"]
[Black "Novikov, Igor A"]
[Result "1/2-1/2"]
[WhiteElo "2614"]
[BlackElo "2588"]
[Annotator "Lutz,C"]
[PlyCount "79"]
[EventDate "2004.10.15"]
[EventType "team-swiss"]
[EventRounds "14"]
[EventCountry "ESP"]
[SourceTitle "CBM 104"]
[Source "ChessBase"]
[SourceDate "2005.01.27"]
[SourceVersion "1"]
[SourceVersionDate "2005.01.27"]
[SourceQuality "1"]
[WhiteTeam "Israel"]
[BlackTeam "US of America"]
[WhiteTeamCountry "ISR"]
[BlackTeamCountry "USA"]

1. d4 d5 2. c4 e6 3. Nf3 Nf6 4. Nc3 c6 5. Bg5 h6 6. Bh4 dxc4 7. e4 g5 8. Bg3 b5
9. Be2 Bb7 10. h4 g4 11. Ne5 h5 12. O-O (12. f3 $5 {1-0 Kasparov,G-Dreev,A/
Moscow 2004/CBM 104/[Lutz] (59)}) 12... Nbd7 (12... Bg7 {0-1 Beliavsky,
A-Sandipan,C/Pune 2004/CBM 104/[Lutz] (63)}) 13. Qc2 Nxe5 14. Bxe5 Bg7 15. Rad1
{Nach diesem Zug hatte Schwarz zuletzt adäquates Gegenspiel.} (15. Bg3 $5 {
ist an und für sich der kritische Zug. Weiß will sich das Tempo 16.Rad1 sparen,
um im Falle von 15...0-0 direkt 16.e5 Nd7 17.Ne4 spielen zu können.} O-O $5 (
15... b4 $2 {1-0 Sakaev,K-Borovikov,V/Chalkidiki 2002/CBM 92/[Lutz] (26)}) (
15... Qxd4 $5 16. Rfd1 Qb6 17. a4 $40 {Sakaev}) 16. e5 (16. Rad1 {führt zu 15.
Rad1 0-0 16.Bg3}) 16... Nh7 (16... Nd7 $5 17. Ne4 $1) 17. Rad1 f5 18. exf6 Qxf6
19. f3 Qf5 20. Qd2 Qg6 21. fxg4 hxg4 22. Qe3 Rf5 23. Ne4 c5 $1 24. Nxc5 Bd5 25.
a4 Raf8 26. axb5 Rf3 $1 27. gxf3 gxf3 28. Kh2 $13 {1-0 Kramnik,V-Akopian,V/
Dortmund 2000/CBM 78/[Lutz] (41)}) 15... O-O 16. Bg3 (16. f3 Nh7 $1 17. Bxg7
Kxg7 18. fxg4 (18. g3 $5) 18... Qxh4 19. gxh5 Ng5 20. Qd2 (20. Bf3 $2 f5 $1 21.
d5 $6 fxe4 22. dxe6 exf3 23. e7 Rf6 24. Rd8 Nh3+ $1 $19 {0-1 Halkias,S-Asrian,
K/Ohrid 2001/CBM 84/[Lutz] (38)}) 20... Nh3+ 21. gxh3 Qg3+ 22. Kh1 Qxh3+ 23.
Kg1 Qg3+ 24. Kh1 Qh3+ {1/2-1/2 Van Wely,L-Lautier,J/Monte Carlo 2000/CBM 76/
[Lutz] (24)}) 16... Nd7 17. f3 (17. e5 c5 18. Ne4 Bxe4 19. Qxe4 Qb6 20. d5 exd5
21. Qxd5 Rad8 22. Qe4 Nxe5 23. Bxe5 Qe6 24. f4 gxf3 25. Rxd8 Rxd8 26. Qxf3 Bxe5
$17 27. Qxh5 Bd4+ 28. Kh1 Rd5 29. Qf3 Re5 30. Bd1 Re3 31. Qa8+ Kg7 {0-1 Goldin,
A-Khenkin,I/New York 2000/CBM 76 ext (31)}) 17... Qb6 18. Kh1 c5 $146 {Dieser
Zug ist neu. Da sich sein Königsflügel aufzulösen droht, muss Schwarz schnell
nach Gegenspiel im Zentrum suchen. Bislang wurde 18...e5 gespielt.} (18... e5
19. dxe5 $5 (19. d5 cxd5 20. Nxd5 Bxd5 21. Rxd5 Rad8 22. fxg4 hxg4 23. Bxg4 Nf6
$11 {1/2-1/2 Vallejo Pons,F-Dreev,A/Biel 2002/CBM 91/[Lutz] (42)}) 19... Nxe5
20. Qc1 (20. fxg4 $5 hxg4 21. Bxe5 Bxe5 22. Qc1 Bg7 $132) 20... Rae8 21. fxg4
hxg4 22. Rd6 $13 {1-0 Filippov,V-Borovikov,V/Chalkidiki 2002/CBM 92/[Lutz] (60)
}) 19. d5 Ne5 20. fxg4 hxg4 21. Qc1 exd5 (21... b4 $5) 22. Nxd5 Bxd5 23. Rxd5
Rae8 24. Rf5 f6 25. Qd1 Nf7 26. e5 (26. Bxg4 $5) 26... Nh6 27. Rh5 Qe6 28. Rd6
Qf7 29. Bxg4 Nxg4 30. Qxg4 f5 31. Qg5 (31. Qf3 $5) 31... f4 32. Rf6 Rxe5 33.
Rxf7 Rxf7 34. Qd8+ Rf8 35. Qd1 Rxh5 36. Qxh5 fxg3 37. Qd5+ Kh7 38. Qh5+ Kg8 (
38... Bh6 39. Kg1 $11) 39. Qd5+ Kh7 40. Qh5+ 1/2-1/2

[Event "FIDE-Wch k.o."]
[Site "Tripoli"]
[Date "2004.06.21"]
[Round "2.1"]
[White "Beliavsky, Alexander G"]
[Black "Kobalia, Mihail"]
[Result "1/2-1/2"]
[WhiteElo "2667"]
[BlackElo "2630"]
[Annotator "Lutz,C"]
[PlyCount "98"]
[EventDate "2004.06.19"]
[EventType "k.o."]
[EventRounds "7"]
[EventCountry "LBY"]
[SourceTitle "CBM 102"]
[Source "ChessBase"]
[SourceDate "2004.09.23"]
[SourceVersion "1"]
[SourceVersionDate "2004.09.23"]
[SourceQuality "1"]

1. d4 d5 2. c4 c6 3. Nf3 Nf6 4. Nc3 e6 5. Bg5 h6 6. Bh4 dxc4 7. e4 g5 8. Bg3 b5
9. Be2 Bb7 10. h4 g4 11. Ne5 h5 (11... Nbd7) 12. f3 $5 {Aus zweierlei Gründen
wurde dieses Abspiel bislang wenig gespielt: Zum einen gaben die
Schwarzspieler in der letzten Zeit häufiger 11...Nbd7 den Vorzug, zum anderen
hatte sich an und für sich etabliert, dass Weiß mit 12.0-0 Nbd7 14.Qc2 Vorteil
erhält.} (12. O-O Nbd7 13. Qc2) 12... Nbd7 (12... gxf3 13. Bxf3 Bh6 (13... c5
14. O-O Qxd4+ 15. Qxd4 cxd4 16. Nxb5 Na6 17. Nxc4 Rg8 18. Be5 Nd7 19. Bxd4 Bc6
20. Nxa7 {1-0 Gormally,D-McDonald,N/Hampstead 1998/EXT 99 (20)}) (13... Nbd7
14. Nxd7 Qxd7 15. e5 Rg8 16. Bf4 Nd5 17. Bg5 Nxc3 18. bxc3 Be7 19. Bxh5 Bxg5
20. hxg5 Rxg5 21. Rf1 Rg7 22. Qd2 O-O-O 23. Qh6 Rdg8 24. Qf4 Qe7 25. Bxf7 Qa3
26. Bxe6+ Kc7 27. Qc1 Qxc1+ 28. Rxc1 Rh8 29. Bh3 c5 {stb.. 0-1 Ciuclaru,
H-Hegedus,G/Debrecen 2002/EXT 2004 (29)}) 14. O-O Be3+ 15. Bf2 Bxf2+ 16. Rxf2
Rh7 17. Nxf7 Rxf7 18. Bxh5 b4 19. e5 Nbd7 20. Bxf7+ Kxf7 21. Ne4 {1-0
Pliasunov,A-Yagupov,I/St Petersburg 2002/EXT 2003 (21)}) 13. fxg4 {So gewinnt
Weiß den Bauern zurück und öffnet die f-Linie, aber andererseits öffnen sich
auch Linien für den Turm h8.} (13. O-O Nxe5 14. Bxe5 Rg8 15. fxg4 Nxg4 16. Bxg4
hxg4 17. Qe1 g3 18. Bxg3 Qxd4+ 19. Kh2 b4 20. Rd1 Qg7 21. Ne2 Be7 22. Qf2 c5
23. Qf4 e5 24. Qf5 Bc8 25. Qxe5 Qxe5 26. Bxe5 Bxh4 27. Ng3 Bxg3+ 28. Bxg3 Rh8+
29. Kg1 Be6 30. Rd6 Rd8 31. Rfd1 Rxd6 32. Bxd6 Rh5 33. e5 a5 34. a4 c3 35. bxc3
bxc3 36. Rc1 Rh4 {1/2-1/2 Khenkin,I-Godena,M/Arco 1998/EXT 2000 (36)}) 13...
Nxe5 (13... hxg4 14. O-O Bh6 15. Nxf7 Kxf7 16. e5 Be3+ 17. Kh2 Ke8 18. exf6
Nxf6 19. Bxg4 Qe7 20. Qf3 Rh6 21. Rae1 c5 22. d5 Bg5 23. Rxe6 Nxg4+ 24. Qxg4
Rxe6 25. dxe6 Bh6 26. Rf7 {1-0 Malinin,Y-Sestjakov,S/Tula 2001/EXT 2002 (26)})
14. Bxe5 hxg4 15. Bxg4 Rh6 (15... Rg8 16. Bf3 Be7 17. O-O Nd7 18. Bh2 Qb6 19.
Bh5 O-O-O 20. Bxf7 e5 21. Bxg8 Rxg8 22. Qh5 exd4 23. Rad1 {1-0 Rychagov,
A-Novogrudsky,N/Moscow 2001/EXT 2002 (23)}) 16. h5 Qa5 17. O-O Nd7 18. Bf4 Rh7
19. e5 Qb6 20. Ne4 Be7 21. a4 a5 22. Kh1 {Weiß zieht seinen König aus der
Diagonalen b6-g1, muss ihn dafür aber in das Kreuzfeuer von Bb7 und Rh7
stellen.} (22. Be3 $2 Nxe5) (22. Bf3 $5 c5 23. Be3) 22... c5 23. dxc5 Nxc5 24.
Nxc5 Qxc5 {Jetzt hat Schwarz genügend Gegenspiel.} 25. Qc2 Rg7 26. Bf3 Bxf3 27.
Rxf3 Rg4 28. g3 Qd5 29. Raf1 O-O-O 30. axb5 Rh8 31. b3 Qxb5 32. Rc1 Rxh5+ 33.
Kg2 Rg8 34. Qxc4+ Qxc4 35. Rxc4+ {Weiss hat jetzt noch etwas Vorteil im
Endspiel, aber es ist nicht genug.} Kb8 36. Bd2 Rgh8 37. Rxf7 Rh2+ 38. Kf3 Rxd2
39. Rxe7 Rd3+ 40. Kf4 Rf8+ 41. Ke4 Rxg3 42. Rxe6 Rxb3 43. Rec6 Kb7 44. e6 Rb4
45. Ke5 Rxc4 46. Rxc4 Kb6 47. e7 Re8 48. Kd6 Kb5 49. Rf4 a4 1/2-1/2

[Event "Biel GM"]
[Site "Biel"]
[Date "2004.07.26"]
[Round "7"]
[White "Sasikiran, Krishnan"]
[Black "Ponomariov, Ruslan"]
[Result "1-0"]
[WhiteElo "2666"]
[BlackElo "2722"]
[Annotator "Lutz,C"]
[PlyCount "65"]
[EventDate "2004.07.19"]
[EventType "tourn"]
[EventRounds "10"]
[EventCountry "SUI"]
[EventCategory "18"]
[SourceTitle "CBM 102"]
[Source "ChessBase"]
[SourceDate "2004.09.23"]
[SourceVersion "1"]
[SourceVersionDate "2004.09.23"]
[SourceQuality "1"]

1. d4 d5 2. c4 c6 3. Nf3 Nf6 4. Nc3 e6 5. Bg5 h6 6. Bh4 dxc4 7. e4 g5 8. Bg3 b5
9. Be2 Bb7 10. Ne5 Bg7 11. f4 $2 {Gemäß K.Sasikiran in 'New in Chess' 2004/6
eine zweifelhafte Neuerung. Besser ist der Normalzug 11.h4.} (11. h4 {0-1 Oms
Pallise,J-Korneev,O/Dos Hermanas 2001/CBM 83/[Lutz] (26)}) 11... Nfd7 $1 12.
Nxf7 {Wie Sasikiran in seinen ausführlichen Kommentaren darlegt, stellt dieses
Springeropfer die beste praktische Initative dar, da nach anderen Zügen die
Initative an Schwarz übergeht.} (12. Ng4 h5) (12. O-O Nxe5 13. fxe5 Nd7 {
nebst ...c6-c5}) (12. Nf3 g4) (12. Nxd7 Nxd7 13. e5 gxf4 14. Bxf4 c5 15. Nxb5
Qa5+ 16. Nc3 cxd4 17. Qxd4 Nxe5) 12... Kxf7 13. Bh5+ Ke7 $5 {Schwarz will mit
dem König zum Damenflügel, aber das gibt Weiß Gegenchancen.} ({Die klarste
Widerlegung des weißen Opfers bestand in} 13... Kg8 $1 14. O-O Kh7 15. fxg5 Rf8
$17 {(Sasikiran)}) 14. e5 (14. O-O $5) 14... Qb6 15. fxg5 $2 (15. O-O $5 {
hätte laut Sasikiran zu unklarem Spiel geführt.}) 15... Kd8 16. Qg4 Bxe5 $2 {
Eine nervöse Reaktion. Schwarz opfert eine Figur, um Damentausch zu erreichen,
aber auch ohne Damen wirkt sich sein Entwicklungsnachteil aus.} (16... c5 $1 {
ist nach Sasikiran vorteilhaft für Schwarz, ein Aszug aus seinen Varianten:}
17. O-O-O (17. gxh6 Bf8 18. O-O-O cxd4 19. Rxd4 Bc5) 17... cxd4 18. Rxd4 Nc6
19. Rd6 Bxe5 20. Bxe5 Qe3+) 17. dxe5 Qe3+ 18. Qe2 Qxe2+ 19. Bxe2 Na6 20. Ne4 $1
$16 Nac5 21. Nxc5 Nxc5 22. O-O-O+ Kc7 23. Rhf1 {Der schwarze König ist
weiterhin eine Zielscheibe für die weißen Figuren und der Bb7 spielt nicht mit.
} hxg5 24. Rf7+ Kb6 25. Bf2 Rab8 (25... Rxh2 26. Rxb7+ Kxb7 27. Bxc5 Rxg2 28.
Bf3 Rh2 29. Rd7+ Kc8 30. Bxc6 $18 {(Sasikiran)}) 26. b4 cxb3 27. axb3 a5 28.
Rd2 Rhf8 29. Rf6 Rfd8 30. Rc2 Rd5 31. Rxe6 Bc8 32. Re8 g4 33. h4 $1 {Schwarz
ist völlig gebunden.} 1-0

[Event "Corus"]
[Site "Wijk aan Zee"]
[Date "2002.01.20"]
[Round "7"]
[White "Lautier, Joel"]
[Black "Piket, Jeroen"]
[Result "1/2-1/2"]
[WhiteElo "2687"]
[BlackElo "2659"]
[Annotator "Lutz,C"]
[PlyCount "73"]
[EventDate "2002.01.12"]
[EventType "tourn"]
[EventRounds "13"]
[EventCountry "NED"]
[EventCategory "18"]
[SourceTitle "CBM 087"]
[Source "ChessBase"]
[SourceDate "2002.03.21"]
[SourceVersion "1"]
[SourceVersionDate "2002.03.21"]
[SourceQuality "1"]

1. d4 d5 2. c4 c6 3. Nf3 Nf6 4. Nc3 e6 5. Bg5 h6 6. Bxf6 Qxf6 7. e3 Nd7 8. Bd3
dxc4 9. Bxc4 g6 10. O-O Bg7 11. b4 {Mit diesem Zug von Beliavsky versucht Weiß
am Damenflügel Raum zu gewinnen. Schwarz hat dank seiner flexiblen Stellung
kaum Probleme, allerdings sollte er nicht zu früh ...e6-e5 spielen.} O-O 12. a4
Qe7 {Der flexibelste Zug. Schwarz bringt seine Dame aus der Schusslinie des
Sc3.} (12... b6 $5 13. a5 Rb8 14. axb6 axb6 15. Ra7 Rb7 16. Ra2 Qe7 17. Qb3 c5
18. Nb5 cxd4 19. Nbxd4 Ne5 20. Be2 Nxf3+ 21. Bxf3 Bxd4 22. exd4 Rd7 23. d5 exd5
24. Bxd5 {1/2-1/2 Beliavsky,A-Novikov,I/Koszalin 1998/CBM 65 ext (24)}) (12...
e5 $6 {Obwohl dieser Zug häufig gespielt wurde, gefällt er mir nicht. Die
Wirkungskraft des Lc4 wird erhöht und die Öffnung der Stellung kommt nur dem
besser entwickelten Weißen zugute.} 13. a5 exd4 14. exd4 Qd6 15. Qb1 $1 Kh7 16.
Qb3 $36 {1-0 Azmaiparashvili,Z-Dreev,A/Neum 2000/CBM 80/[Lutz] (30)}) 13. Qb3 (
13. Rb1 a5 14. bxa5 Rxa5 15. Qc2 b6 16. e4 c5 17. d5 Bxc3 18. Qxc3 Rxa4 19. Qc2
Ra7 20. Qd2 $44 {1/2-1/2 Beliavsky,A-Gelfand,B/Belgrade 1995/CBM 51/[Hecht] 
(69)}) 13... b6 $5 $146 {An dieser Stelle neu. Weiß kann nun die a-Linie
öffnen, aber Schwarz kann das verschmerzen.} (13... Rd8 $5 {Ein flexibler Zug,
der noch nicht die Karten offenlegt. Schwarz plant ...Nb6-d5.} 14. Rfd1 (14. a5
Nf6 $5 15. Na4 (15. e4 Rb8 16. b5 Bd7 17. Rfe1 cxb5 18. Bxb5 Rbc8 $11 {0-1
Campos Moreno,J-Gurevich,M/Cap d'Agde 2000/CBM 80/[Hecht] (114)}) 15... Bd7 16.
b5 cxb5 17. Bxb5 Ne4 $5 18. Rfc1 Rac8 19. Bd3 Nd6 20. Nc3 Bc6 21. Be2 e5 $5 22.
Nxe5 Bxe5 23. dxe5 Qxe5 $11 {0-1 Rausis,I-Gurevich,M/Vlissingen 1999/EXT 2000/
[Gurevich,M] (79)}) 14... Nb6 15. Be2 Nd5 16. Nxd5 cxd5 $11 17. Rac1 Qd6 18.
Ne1 Bd7 19. Nd3 b6 20. Nf4 $2 (20. Rc2 Rac8 21. Rdc1 $11) 20... Bf8 21. Rb1
Rac8 22. Ba6 Rc7 23. Nd3 Bc8 24. b5 Bxa6 25. bxa6 Rdc8 $17 {0-1
Azmaiparashvili,Z-Bareev,E/Shenyang 2000/CBM 79/[Lutz] (58)}) 14. a5 Rb8 15.
axb6 axb6 16. Ra7 Bb7 17. Rd1 Rfd8 $11 {Ein typisches Szenarion in der
Moskauer Variante. Weiß hat etwas Raumvorteil und alle seine Figuren stehen
irgendwie akiv, aber es geht trotzdem nicht weiter. Dem Weißen fehlt eben der
schwarzfeldirge Läufer.} 18. Ne1 $5 Bf8 19. Nc2 {Jetzt muss Weiß gewisse
Verrenkungen unternehmen.} Nf6 20. b5 c5 21. dxc5 Rxd1+ 22. Nxd1 Qxc5 23. Nd4
Bg7 24. Nb2 Bd5 25. Bxd5 Nxd5 26. Nd3 Qc3 27. Qxc3 Nxc3 {Schwarz steht schon
fast besser, aber der aktive weiße Turm auf der 7.Reihe verspricht Weiß
genügend Gegenspiel.} 28. Nc6 Nxb5 29. Rd7 Ra8 30. g3 Nc3 31. Nde5 Bxe5 32.
Nxe5 Rf8 33. Rc7 Nd5 34. Rb7 h5 35. Kg2 Kg7 36. Nd7 Rc8 37. Nxb6 1/2-1/2

[Event "Tan Chin Nam Cup 7th"]
[Site "Shanghai"]
[Date "2001.07.12"]
[Round "4"]
[White "Krasenkow, Michal"]
[Black "Xu, Jun"]
[Result "1-0"]
[WhiteElo "2573"]
[BlackElo "2655"]
[Annotator "Lutz,C"]
[PlyCount "63"]
[EventDate "2001.07.09"]
[EventType "tourn"]
[EventRounds "9"]
[EventCountry "CHN"]
[EventCategory "16"]
[SourceTitle "CBM 085"]
[Source "ChessBase"]
[SourceDate "2001.11.13"]
[SourceVersion "1"]
[SourceVersionDate "2001.11.13"]
[SourceQuality "1"]

1. d4 Nf6 2. c4 e6 3. Nf3 d5 4. Nc3 dxc4 5. Qa4+ c6 6. Qxc4 b5 7. Qb3 Nbd7 8.
Bg5 Be7 9. g3 (9. e4 b4 10. Bxf6 Nxf6 11. Na4 Nxe4 12. Bd3 Nf6 13. O-O $44 {
0-1 Kortschnoj,V-Kramnik,V/Tilburg 1998/EXT 99/[Lutz] (31)}) (9. Rd1 O-O 10. e3
a6 11. Qc2 Bb7 12. Bd3 h6 13. Bh4 Rc8 14. O-O c5 15. dxc5 Rxc5 16. Qe2 Qc7 17.
Ne4 Rd5 18. Rc1 Qb6 19. Bb1 Re8 20. Nxf6+ Nxf6 21. Bg3 {1/2-1/2 Kharitonov,
A-Dolmatov,S/Sverdlovsk 1984/MCL (21)}) (9. Bxf6 Nxf6 10. g3 Bb7 11. Bg2 O-O
12. O-O a6 13. Rfd1 Qc7 14. Ng5 c5 15. dxc5 Bxg2 16. Kxg2 Qxc5 17. Nce4 Qf5 18.
Nxf6+ Bxf6 19. Nf3 Rac8 $15 {0-1 Adianto,U-Dreev,A/Beijing 2000/CBM 78/[Lutz] 
(57)}) 9... b4 10. Na4 (10. Bxf6 Nxf6 11. Na4 Ba6 12. Rc1 O-O 13. e3 Bb5 14.
Bxb5 cxb5 15. Nc5 a5 16. Ne5 Rc8 17. O-O Bxc5 18. dxc5 Ne4 19. Qd3 Qxd3 20.
Nxd3 Rfd8 21. Rfd1 f6 22. c6 $16 {1-0 Petrosian,A-Giorgadze,T/Tashkent 1984/
MCD (52)}) 10... Qa5 (10... Ba6 11. Bg2 Bb5 12. Bxf6 gxf6 13. O-O Qa5 14. Nc5
Nxc5 15. dxc5 Bxc5 16. Rac1 Qb6 17. Qc2 Bd6 18. Rfd1 Rd8 19. Qe4 c5 20. Nh4 Be7
21. Bf3 Kf8 22. Ng2 Kg7 23. Qg4+ Kf8 24. Nf4 $44 {0-1 Adianto,U-Villamayor,B/
Vung Tau 2000/CBM 76 ext (47)}) 11. Rc1 Ba6 12. Bxf6 gxf6 13. e4 $1 {Weiß
weicht von seinem ursprünglich geplanten Läuferfianchetto ab. Wegen der
schwarzen Bauernschwächen hat er einen leichten Vorteil.} Bb5 14. Bxb5 cxb5 15.
Nc5 $14 Nxc5 16. dxc5 Rc8 17. O-O O-O (17... Rxc5 18. Rxc5 Bxc5 19. Rc1 Qb6 20.
Qc2 Be7 21. Qc8+ Qd8 22. Qb7 $36) 18. e5 f5 19. Qe3 Rfd8 20. Qh6 Bf8 (20...
Qxa2 21. Ng5 Bxg5 22. Qxg5+ Kf8 23. c6 $40) 21. Qh5 h6 22. g4 $1 {Weiß nutzt
aus, dass die schwarzen Schwerfiguren sich momentan am Damenflügel tummeln.}
Qxa2 23. Kh1 Qd5 24. gxf5 exf5 25. Rg1+ Kh8 26. Rg2 Rc6 27. Rcg1 $16 Rg6 28.
Rxg6 fxg6 29. Rxg6 Qe4 30. Kg2 Rc8 31. Rg3 f4 $2 (31... Bg7 32. Qg6 $16) 32.
Qg4 1-0